000
00351nam a2200133Ia 4500
008
151001s9999||||xx |||||||||||||| ||und||
100
_a
श्यामसुंदर
245
_a
सिंधुदुर्ग कुतूहल
250
_a
1
260
_b
बांदेकर
260
_c
2000
300
_a
28
365
_b
18
999
_c
977239
_d
977236